Модифицирование литых быстрорежущих сталей индивидуальными редкоземельными металлами: диссертация на соискание ученой степени кандидата технических наук

Bibliographic Details
Main Author: Штерн Л. Б.
Corporate Author: Томский политехнический институт
Other Authors: Добровидов А. Н. Александр Николаевич (научный руководитель), Кащук В. А.
Summary:For_staff_use
Language:Russian
Published: Томск, [Б. и.], 1972
Subjects:
Format: Book
KOHA link:https://koha.lib.tpu.ru/cgi-bin/koha/opac-detail.pl?biblionumber=352355

MARC

LEADER 00000nbm0a2200000 4500
001 352355
005 20231102010506.0
035 |a (RuTPU)RU\TPU\retro\8867 
090 |a 352355 
100 |a 20191218d1972 k y0rusy50 ca 
101 0 |a rus 
102 |a RU 
105 |a a m 001zy 
200 1 |a Модифицирование литых быстрорежущих сталей индивидуальными редкоземельными металлами  |e диссертация на соискание ученой степени кандидата технических наук  |f Л. Б. Штерн  |g Томский политехнический институт ; науч. рук. А. Н. Добровидов, В. А. Кащук 
210 |a Томск  |c [Б. и.]  |d 1972 
215 |a 164 л.  |c ил. 
320 |a Библиогр.: с. 151-160 (119 назв.) 
371 0 |a For_staff_use 
606 1 |a Сталь быстрорежущая литая  |2 stltpush  |3 (RuTPU)RU\TPU\subj\56406  |9 74316 
610 1 |a литые режущие инструменты 
610 1 |a редкоземельные металлы 
610 1 |a исследуемые стали 
610 1 |a структура 
610 1 |a отпуск 
610 1 |a теплостойкость 
610 1 |a фазовый анализ 
610 1 |a прочность 
610 1 |a стойкостные испытания 
610 1 |a экономическая эффективность 
610 1 |a расчет 
610 1 |a диссертации 
610 1 |a труды учёных ТПУ 
675 |a 669.018.252.3(04)  |v 4 
700 1 |a Штерн  |b Л. Б. 
702 1 |a Добровидов  |b А. Н.  |c советский инженер-механик  |c профессор ТПИ  |f 1894-1980  |g Александр Николаевич  |2 stltpush  |3 (RuTPU)RU\TPU\pers\21863  |4 727  |9 9200 
702 1 |a Кащук  |b В. А.  |4 727 
712 0 2 |a Томский политехнический институт  |c (1944-1991)  |2 stltpush  |3 (RuTPU)RU\TPU\col\1123  |9 23521 
801 1 |a RU  |b 63413507  |c 20191218 
801 2 |a RU  |b 63413507  |c 20191218  |g RCR 
942 |c BK